Challenges of African growth : (Record no. 13000)
[ view plain ]
| 000 -LEADER | |
|---|---|
| fixed length control field | 00828nam a22002292 4500 |
| 001 - CONTROL NUMBER | |
| control field | 0000005931 |
| 005 - DATE AND TIME OF LATEST TRANSACTION | |
| control field | 20151217155829.0 |
| 008 - FIXED-LENGTH DATA ELEMENTS--GENERAL INFORMATION | |
| fixed length control field | 070810s xx 000 0 eng d |
| 020 ## - INTERNATIONAL STANDARD BOOK NUMBER | |
| International Standard Book Number | 0821368826 : |
| Terms of availability | KES 900 |
| 040 ## - CATALOGING SOURCE | |
| Original cataloging agency | KABU |
| Transcribing agency | KABU |
| 050 #0 - LIBRARY OF CONGRESS CALL NUMBER | |
| Classification number | HC800 |
| Item number | .N48 |
| 100 1# - MAIN ENTRY--PERSONAL NAME | |
| Personal name | Ndulu, Benno J. |
| -- | 0000157239 |
| 245 10 - TITLE STATEMENT | |
| Title | Challenges of African growth : |
| Remainder of title | opportunities, constraints, and strategic directions / |
| Statement of responsibility, etc. | Benno J. Ndulu; with Lopamudra Chakraborti ... [et al.] |
| 260 ## - PUBLICATION, DISTRIBUTION, ETC. (IMPRINT) | |
| Place of publication, distribution, etc. | Washington, DC : |
| Name of publisher, distributor, etc. | The World Bank, |
| Date of publication, distribution, etc. | 2007. |
| 300 ## - PHYSICAL DESCRIPTION | |
| Extent | xxi, 252 p. |
| 651 #0 - SUBJECT ADDED ENTRY--GEOGRAPHIC NAME | |
| Geographic name | Africa |
| General subdivision | Economic conditions |
| Chronological subdivision | 1960-. |
| -- | 0000149691 |
| 651 #0 - SUBJECT ADDED ENTRY--GEOGRAPHIC NAME | |
| Geographic name | Africa |
| General subdivision | Politics and government |
| Chronological subdivision | 1960-. |
| -- | 0000148944 |
| 700 1# - ADDED ENTRY--PERSONAL NAME | |
| Personal name | Chakraborti, Lopamudra. |
| -- | 0000157240 |
| 908 ## - PUT COMMAND PARAMETER (RLIN) | |
| Put command parameter | 070810 |
| 950 ## - LOCAL HOLDINGS (RLIN) | |
| -- | 1 |
| Withdrawn status | Lost status | Source of classification or shelving scheme | Not for loan | Home library | Current library | Date acquired | Total Checkouts | Full call number | Barcode | Date last seen | Date last checked out | Price effective from | Koha item type |
|---|---|---|---|---|---|---|---|---|---|---|---|---|---|
| Library of Congress Classification | Kabarak, Main Campus | Kabarak, Main Campus | 17/12/2015 | 2 | HC800 .N48 | 001889 | 27/06/2018 | 12/06/2018 | 17/12/2015 | Africana Collection |